000 00590nam a22001817a 4500
005 20140310183652.0
008 140123b xxu||||| |||| 00| 0 eng d
020 _a9780340941676
050 _aR 895.A3
_b.D69 2009
100 _aDowsett, David J.
245 _aRadiological sciences dictionary :
_bkeywords, names and definitions /
_cDavid J. Dowsett.
260 _aLondon :
_bHodder Arnold,
_cc2009.
300 _a359 p. :
_bill. ;
_c24 cm.
500 _aIncludes bibliographical references.
650 _aRadiology
_x Medical
_xDictionaries.
942 _2lcc
_cBK
999 _c26104
_d26104